| 000 | 00881nam a22002775a 4500 | ||
|---|---|---|---|
| 003 | EG-ScBUE | ||
| 005 | 20220908094006.0 | ||
| 008 | 180416s2006 pk a f b 001 0 eng d | ||
| 040 |
_aEG-ScBUE _beng _erda _cEG-ScBUE _dEG-ScBUE |
||
| 082 | 0 | 4 |
_222 _a708.9549143 _bMAS |
| 110 | 2 |
_aLahore Museum (Pakistan), _eauthor. |
|
| 245 | 1 | 0 | _aMasterpieces Lahore museum. |
| 250 | _aSecond edition. | ||
| 264 | 1 |
_aLahore : _bLahore Museum, _c2006. |
|
| 300 |
_ax, 144 pages : _billustrations ; _c28 cm |
||
| 336 |
_2rdacontent _atext _btxt |
||
| 337 |
_2rdamedia _aunmediated _bn |
||
| 338 |
_2rdacarrier _avolume _bnc |
||
| 504 | _aIncludes bibliographical references and index. | ||
| 650 | 7 |
_aArt _zPakistan _zLahore. _2BUEsh |
|
| 651 | _2BUEsh | ||
| 653 |
_bGGEN _cApril2018 |
||
| 655 |
_vReading book _934232 |
||
| 942 |
_2ddc _cBB |
||
| 999 |
_c26519 _d26491 |
||